| 000 | 00517nam a2200181Ia 4500 | ||
|---|---|---|---|
| 005 | 20250326140732.0 | ||
| 008 | 250326s9999 xx 000 0 und d | ||
| 037 | _aTextbook | ||
| 040 |
_aFMSL _beng _cFMSL |
||
| 041 |
_aeng _2eng |
||
| 084 |
_aD658(2:55) P0 _qFMSL |
||
| 100 |
_aBrady J A _9742945 |
||
| 245 | 0 |
_aAdvanced cases in MIS _cBrady J A; Monk E F |
|
| 260 |
_aAustralia _bAustralia, Course Technology _c2000 |
||
| 300 | _a222p | ||
| 942 |
_cTB _hD658(2:55) P0 |
||
| 999 |
_c1287071 _d1287071 |
||